000 00361nam a2200121 4500
041 _aeng
082 _a821.4
_bDRY/KIN
_218th.
245 _aJohn Dryden : selected criticism
_cedited by James Kinsley and George Parfitt
260 _aOxford
_bClarendon Press
_c1970
300 _axv,315p.;
_c21cm.
650 _aDryden, John -Criticism and interpretation
942 _cBK
999 _c1067
_d1067